Normal view
MARC view
- STRATEGIC ALLIANCES(BUSINESS)- CASE STUDIES, INTEROGANIZATIONAL RELATIONS- CASE STUDIES, ACADEMIC INDUSTRIAL COLLABORATION- CASE STUDIES, INTERNATIONAL BUSINESS ENTERPRISES- CASE STUDIES
Entry Topical Term
001 - CONTROL NUMBER
- control field: 64183
003 - CONTROL NUMBER IDENTIFIER
- control field: NUST
005 - DATE AND TIME OF LATEST TRANSACTION
- control field: 20210628203233.0
008 - FIXED-LENGTH DATA ELEMENTS
- fixed length control field: 210628|| aca||aabn | a|a d
040 ## - CATALOGING SOURCE
- Original cataloging agency: NUST
- Transcribing agency: NUST
150 ## - HEADING--TOPICAL TERM
- Topical term or geographic name entry element: STRATEGIC ALLIANCES(BUSINESS)- CASE STUDIES, INTEROGANIZATIONAL RELATIONS- CASE STUDIES, ACADEMIC INDUSTRIAL COLLABORATION- CASE STUDIES, INTERNATIONAL BUSINESS ENTERPRISES- CASE STUDIES
670 ## - SOURCE DATA FOUND
- Source citation: Work cat.: (NUST): Mankin, Don, Cohen, Susan G 64182, Business without boundaries, an action framework for collaboration across time, distance, organization and culture, 2004
